[Event "España tch 1A 2012 Descenso"]
[Site "Don Benito ESP"]
[Date "2012.08.04"]
[Round "6.13"]
[White "Llanes Hurtado, Miguel"]
[Black "Martinez Lopez, Ivan"]
[Result "1/2-1/2"]
[WhiteElo "2483"]
[BlackElo "2302"]
[PlyCount "108"]
[EventDate "2012.08.04"]
[EventType "team"]
[EventRounds "2"]
[EventCountry "ESP"]
[Source "lmi"]
[SourceDate "2012.08.04"]

1. d4 d5 2. c4 e6 3. Nf3 Nf6 4. g3 dxc4 5. Bg2 Bb4+ 6. Nc3 O-O 7. O-O Nbd7 8.
e3 c6 9. Nd2 e5 10. Nxc4 exd4 11. exd4 Nb6 12. Ne5 Be6 13. Bg5 h6 14. Be3 Nc4
15. Qe2 Nxe3 16. fxe3 Nd7 17. Nxd7 Qxd7 18. a3 Be7 19. d5 cxd5 20. Nxd5 Bxd5
21. Rad1 Bc5 22. Bxd5 Qe7 23. Rf3 Rae8 24. Kg2 Kh8 25. e4 f5 26. Rdf1 fxe4 27.
Rxf8+ Rxf8 28. Rxf8+ Qxf8 29. Bxe4 b6 30. b4 Bd4 31. Bc2 Qa8+ 32. Be4 Qf8 33.
h4 Qf6 34. h5 a5 35. Qc4 Qd8 36. bxa5 bxa5 37. Qe6 Bf6 38. Bd5 Be7 39. a4 Bf6
40. Kf3 Bg5 41. Kg2 Bf6 42. Qf5 Bg5 43. Kh3 Bf6 44. Bc4 Bg5 45. Bd3 Kg8 46.
Bc4+ Kh8 47. Bd3 Kg8 48. Qh7+ Kf7 49. Bc4+ Kf6 50. Qg6+ Ke5 51. Qxg7+ Ke4 52.
Qg6+ Kd4 53. Qd3+ Kc5 54. Qc2 Qd2 1/2-1/2

[Event "España tch 1A 2012 Descenso"]
[Site "Don Benito ESP"]
[Date "2012.08.04"]
[Round "6.14"]
[White "Coll Ortega, Jordi"]
[Black "Fernandez Romero, Ernesto"]
[Result "0-1"]
[WhiteElo "2293"]
[BlackElo "2472"]
[PlyCount "155"]
[EventDate "2012.08.04"]
[EventType "team"]
[EventRounds "2"]
[EventCountry "ESP"]
[Source "lmi"]
[SourceDate "2012.08.04"]

1. d4 Nf6 2. c4 b6 3. Nf3 Bb7 4. Nc3 e6 5. Bg5 Bb4 6. Qc2 h6 7. Bd2 O-O 8. e3
Bxc3 9. Bxc3 Ne4 10. Be2 d6 11. Rd1 Nd7 12. d5 Nxc3 13. Qxc3 e5 14. e4 Qe7 15.
O-O g6 16. Qe3 Kg7 17. Rc1 a5 18. a3 a4 19. Bd1 Nc5 20. Rc3 Bc8 21. Bc2 Bd7 22.
Ne1 Qg5 23. Qe2 h5 24. Nd3 Nxd3 25. Qxd3 h4 26. Qe3 Qxe3 27. Rxe3 Ra5 28. Rc3
Kf6 29. f3 Ke7 30. Kf2 f5 31. exf5 Bxf5 32. Bxf5 Rxf5 33. g3 Ra8 34. gxh4 Rh8
35. Rg1 Rxh4 36. Rxg6 Rxh2+ 37. Rg2 Rh1 38. Rg7+ Rf7 39. Rxf7+ Kxf7 40. Kg2 Rd1
41. Rc2 Kf6 42. Kf2 Rd3 43. Re2 Rb3 44. Kg2 Kf5 45. Kg3 Kg5 46. Kf2 Kf4 47.
Re4+ Kf5 48. Re2 b5 49. cxb5 Rxb5 50. Rc2 Rxd5 51. Rxc7 Rd2+ 52. Kg3 Rxb2 53.
Rf7+ Ke6 54. Ra7 d5 55. Rxa4 Rb3 56. Kg4 Rb6 57. Ra8 Rd6 58. Re8+ Kf6 59. f4 e4
60. f5 Ra6 61. Rd8 Ke5 62. Re8+ Kd4 63. a4 Rxa4 64. f6 Ra7 65. Re7 Ra8 66. f7
Rf8 67. Rd7 Ke3 68. Rxd5 Rxf7 69. Re5 Rf8 70. Re7 Rg8+ 71. Kh3 Kf3 72. Rf7+ Ke2
73. Ra7 e3 74. Rf7 Ke1 75. Ra7 e2 76. Rd7 Rg5 77. Kh4 Rf5 78. Rd2 0-1

[Event "España tch 1A 2012 Descenso"]
[Site "Don Benito ESP"]
[Date "2012.08.04"]
[Round "6.21"]
[White "Moreno Trujillo, Alejandro"]
[Black "Quesada Perez, Yuniesky"]
[Result "1/2-1/2"]
[WhiteElo "2500"]
[BlackElo "2626"]
[PlyCount "85"]
[EventDate "2012.08.04"]
[EventType "team"]
[EventRounds "2"]
[EventCountry "ESP"]
[Source "lmi"]
[SourceDate "2012.08.04"]

1. d4 Nf6 2. Nf3 e6 3. Bf4 b6 4. e3 Bb7 5. Bd3 d5 6. Nbd2 Be7 7. Ne5 O-O 8. Qf3
Nc6 9. c3 Nxe5 10. Bxe5 Nd7 11. Qh3 g6 12. Bf4 a5 13. Nf3 Ba6 14. Bc2 c5 15.
Qh6 Re8 16. Ng5 Nf6 17. Be5 Bf8 18. Qh3 h6 19. Qf3 Bg7 20. Nh3 Rc8 21. Nf4 Qe7
22. h4 cxd4 23. exd4 Ne4 24. Bxg7 Kxg7 25. Rh3 Bb7 26. Qe3 e5 27. Nd3 Nxc3 28.
bxc3 Rxc3 29. Qd2 Rec8 30. Bb3 e4 31. Nf4 Rxh3 32. Nxh3 Qxh4 33. Rc1 e3 34.
Qxe3 Rxc1+ 35. Qxc1 Qxd4 36. Nf4 a4 37. Bd1 Ba6 38. Qe3 Qb4+ 39. Qd2 Qe4+ 40.
Qe3 Qb4+ 41. Qd2 Qe4+ 42. Qe3 Qb4+ 43. Qd2 1/2-1/2

[Event "España tch 1A 2012 Descenso"]
[Site "Don Benito ESP"]
[Date "2012.08.04"]
[Round "6.22"]
[White "Narciso Dublan, Marc"]
[Black "Moreno Tejera, Emilio"]
[Result "0-1"]
[WhiteElo "2539"]
[BlackElo "2350"]
[PlyCount "72"]
[EventDate "2012.08.04"]
[EventType "team"]
[EventRounds "2"]
[EventCountry "ESP"]
[Source "lmi"]
[SourceDate "2012.08.04"]

1. c4 f5 2. Nc3 Nf6 3. g3 g6 4. d3 Bg7 5. e4 d6 6. Bg2 Nc6 7. Nge2 O-O 8. O-O
Kh8 9. f3 a6 10. Be3 Ne5 11. b3 c5 12. exf5 Bxf5 13. d4 cxd4 14. Nxd4 Bd7 15.
Qd2 Qa5 16. h3 Rac8 17. f4 Nc6 18. Rfe1 Nh5 19. Kh2 e5 20. Nxc6 Bxc6 21. Rac1
exf4 22. gxf4 Rce8 23. Nd5 Qd8 24. Rf1 Bxd5 25. Bxd5 Qh4 26. Rf3 Rxf4 27. Bxf4
Nxf4 28. Rc2 Be5 29. Kg1 Nxh3+ 30. Kf1 Ng5 31. Rf2 Nh3 32. Rf7 Qg3 33. Qg2 Qd3+
34. Qe2 Qd4 35. Qe4 Qd1+ 36. Kg2 Qg1+ 0-1

[Event "España tch 1A 2012 Descenso"]
[Site "Don Benito ESP"]
[Date "2012.08.04"]
[Round "6.23"]
[White "Bolado Saez, Sergio"]
[Black "Matnadze, Ana"]
[Result "1-0"]
[WhiteElo "2386"]
[BlackElo "2422"]
[PlyCount "115"]
[EventDate "2012.08.04"]
[EventType "team"]
[EventRounds "2"]
[EventCountry "ESP"]
[Source "lmi"]
[SourceDate "2012.08.04"]

1. d4 Nf6 2. Nf3 e6 3. c4 b6 4. g3 Bb7 5. Bg2 g6 6. O-O Bg7 7. Qc2 O-O 8. Nc3
Nc6 9. e4 d5 10. cxd5 exd5 11. e5 Ne8 12. Be3 f6 13. Rad1 Ne7 14. Rfe1 Nf5 15.
Bf4 c6 16. h4 fxe5 17. dxe5 h6 18. b4 Qe7 19. b5 Qc5 20. bxc6 Bxc6 21. Qb3 Nc7
22. Ne2 Bb5 23. Ned4 Bc4 24. Qc2 Ne7 25. Bh3 Qa5 26. a4 Rad8 27. h5 gxh5 28. e6
Ne8 29. Nf5 Rxf5 30. Bxf5 Nf6 31. Ne5 Rc8 32. Ng6 Qc5 33. Nxe7+ Qxe7 34. Bg6
Kh8 35. Qf5 Rf8 36. Bf7 Bb3 37. Rc1 Bc4 38. Red1 Ne4 39. Qg6 Qf6 40. Qxf6 Bxf6
41. Bxh6 Rb8 42. Bf4 Rb7 43. Kg2 Kg7 44. Rh1 h4 45. gxh4 Nc5 46. Kf3 Bd3 47.
Rhg1+ Kh7 48. Bg5 Be4+ 49. Kg3 Bxg5 50. hxg5 d4 51. Kf4 Bc6 52. Ke5 d3 53. Rxc5
bxc5 54. Kf6 d2 55. Rg3 Rb3 56. Rxb3 Bg2 57. Rb8 Be4 58. g6+ 1-0

[Event "España tch 1A 2012 Descenso"]
[Site "Don Benito ESP"]
[Date "2012.08.04"]
[Round "6.31"]
[White "Andres Gonzalez, Alberto"]
[Black "Espinosa Aranda, Angel"]
[Result "1/2-1/2"]
[WhiteElo "2535"]
[BlackElo "2402"]
[PlyCount "69"]
[EventDate "2012.08.04"]
[EventType "team"]
[EventRounds "2"]
[EventCountry "ESP"]
[Source "lmi"]
[SourceDate "2012.08.04"]

1. c4 c5 2. Nc3 Nc6 3. g3 g6 4. Bg2 Bg7 5. Nf3 e6 6. O-O Nge7 7. e3 O-O 8. d4
cxd4 9. Nxd4 d5 10. cxd5 Nxd4 11. exd4 Nxd5 12. Nxd5 exd5 13. Qb3 Qb6 14. Qxb6
axb6 15. Be3 Be6 16. Rfc1 Rfc8 17. a3 Rc6 18. Bf1 Bd7 19. Bg2 Be6 20. Rc3 Ra4
21. Bf3 Bxd4 22. Rxc6 bxc6 23. Bd1 Rc4 24. Bb3 Bxe3 25. Bxc4 Bd4 26. Ba6 Bxb2
27. Rb1 Bxa3 28. Rxb6 c5 29. Bc8 Bxc8 30. Rb8 Kg7 31. Rxc8 Kf6 32. Kf1 c4 33.
Ke2 Ke5 34. Rc7 Ke6 35. f4 1/2-1/2

[Event "España tch 1A 2012 Descenso"]
[Site "Don Benito ESP"]
[Date "2012.08.04"]
[Round "6.33"]
[White "Gonzalez Menendez, Ivan"]
[Black "Ramirez Diaz, Jose Ramon"]
[Result "1-0"]
[WhiteElo "2411"]
[BlackElo "2151"]
[PlyCount "53"]
[EventDate "2012.08.04"]
[EventType "team"]
[EventRounds "2"]
[EventCountry "ESP"]
[Source "lmi"]
[SourceDate "2012.08.04"]

1. e4 d6 2. d4 Nf6 3. Nc3 g6 4. Bg5 Bg7 5. f4 h6 6. Bh4 c5 7. dxc5 Qa5 8. Qd2
Qxc5 9. Bd3 O-O 10. Nf3 Nc6 11. h3 Be6 12. Bf2 Qa5 13. O-O Nd7 14. a3 Nf6 15.
b4 Qd8 16. Rae1 a6 17. Be3 Kh7 18. Nh4 Bd7 19. Nd5 b5 20. Qf2 e5 21. f5 Nd4 22.
Bxd4 exd4 23. fxg6+ fxg6 24. Nxg6 Kxg6 25. e5+ Kf7 26. exf6 Bh8 27. Re7+ 1-0

[Event "España tch 1A 2012 Descenso"]
[Site "Don Benito ESP"]
[Date "2012.08.04"]
[Round "6.41"]
[White "Mate Adan, Carlos"]
[Black "Pena Gomez, Manuel"]
[Result "0-1"]
[WhiteElo "2276"]
[BlackElo "2408"]
[PlyCount "108"]
[EventDate "2012.08.04"]
[EventType "team"]
[EventRounds "2"]
[EventCountry "ESP"]
[Source "lmi"]
[SourceDate "2012.08.04"]

1. e4 c5 2. Nc3 e6 3. g3 Nc6 4. Bg2 g6 5. d3 Bg7 6. Be3 d6 7. Qd2 Nd4 8. Nd1
Ne7 9. c3 Ndc6 10. Bh6 O-O 11. Bxg7 Kxg7 12. Ne2 e5 13. O-O b6 14. Ne3 f6 15.
f4 Bd7 16. d4 Ng8 17. Rad1 cxd4 18. cxd4 Be8 19. Qc3 Qb8 20. Bh3 b5 21. fxe5
dxe5 22. d5 b4 23. Qc5 Nd8 24. Rc1 Qb5 25. Qxb5 Bxb5 26. Nc4 Nb7 27. Rf3 Nh6
28. a3 Nf7 29. Rb3 Bxc4 30. Rxc4 Na5 31. Rbxb4 Nxc4 32. Rxc4 Nd6 33. Ra4 Rfb8
34. Bd7 Rxb2 35. Bc6 Rf8 36. Kf1 Rf7 37. g4 Rc2 38. Ng3 Nc4 39. Ke1 Nd6 40. Ra6
Rxh2 41. Ba4 Nc4 42. Bb5 Nb6 43. a4 Rb2 44. Ne2 h5 45. gxh5 gxh5 46. Ng3 Kh6
47. Nf5+ Kg5 48. d6 h4 49. d7 Rxd7 50. Bxd7 Nxd7 51. Rxa7 Nc5 52. Nd6 h3 53.
Rg7+ Kf4 54. Nf5 Nxe4 0-1

[Event "España tch 1A 2012 Descenso"]
[Site "Don Benito ESP"]
[Date "2012.08.04"]
[Round "6.43"]
[White "Ruiz Marana, Alejandro"]
[Black "Guerra Bastida, Diego"]
[Result "0-1"]
[WhiteElo "2210"]
[BlackElo "2397"]
[PlyCount "146"]
[EventDate "2012.08.04"]
[EventType "team"]
[EventRounds "2"]
[EventCountry "ESP"]
[Source "lmi"]
[SourceDate "2012.08.04"]

1. e4 d6 2. d4 Nf6 3. Bd3 e5 4. c3 d5 5. dxe5 Nxe4 6. Bxe4 dxe4 7. Qxd8+ Kxd8
8. Bg5+ Be7 9. Bxe7+ Kxe7 10. Nd2 Nc6 11. Nxe4 Nxe5 12. O-O-O Bf5 13. Nf3 Nxf3
14. gxf3 Rhd8 15. b3 Rxd1+ 16. Rxd1 b6 17. Ng3 Be6 18. Ne2 a5 19. Nd4 a4 20.
Kb2 Bd7 21. b4 a3+ 22. Kc1 c5 23. Nc2 Be6 24. Kb1 cxb4 25. Nxb4 Rc8 26. Kc2 Rc5
27. Kd2 Rh5 28. Rh1 g6 29. Nc2 Rb5 30. Nxa3 Rb2+ 31. Ke3 Bxa2 32. Ra1 Kd6 33.
Rd1+ Kc5 34. Rd2 Rxd2 35. Kxd2 Kd5 36. Nc2 Ke5 37. Ke3 Kf5 38. Nb4 Bc4 39. Nc6
Kg5 40. Ne5 Be6 41. Ke2 f6 42. Nc6 Kf4 43. Nd4 Bc4+ 44. Kd2 Kg5 45. Nc2 Kh4 46.
Ke1 Kh3 47. Ne3 Be6 48. Nf1 g5 49. Ng3 Kxh2 50. Ne4 Kg2 51. Nxf6 h6 52. Ke2 Bf7
53. Ke3 h5 54. Ne4 h4 55. Nxg5 h3 56. Nxh3 Kxh3 57. Kf4 Kg2 58. Ke3 b5 59. f4
Kh3 60. Ke4 Kg4 61. f5 Kg5 62. Ke5 Kh6 63. Kf6 Bc4 64. f4 Kh7 65. Ke7 Kg7 66.
f6+ Kg8 67. Ke8 Bf7+ 68. Ke7 Bh5 69. f5 Bf7 70. Kd6 Kf8 71. Ke5 Bc4 72. Kd6 Kf7
73. Ke5 Ba2 0-1

[Event "España tch 1A 2012 Descenso"]
[Site "Don Benito ESP"]
[Date "2012.08.04"]
[Round "6.44"]
[White "Rodriguez Lopez, Rafael"]
[Black "Revilla Rio, Francisco"]
[Result "1-0"]
[WhiteElo "2244"]
[BlackElo "2127"]
[PlyCount "149"]
[EventDate "2012.08.04"]
[EventType "team"]
[EventRounds "2"]
[EventCountry "ESP"]
[Source "lmi"]
[SourceDate "2012.08.04"]

1. d4 d5 2. c4 e5 3. dxe5 d4 4. Nf3 Nc6 5. a3 Nge7 6. b4 Ng6 7. Bb2 a5 8. b5
Ncxe5 9. Qxd4 Qxd4 10. Bxd4 Nxc4 11. e3 Nd6 12. Nbd2 Bd7 13. a4 Nf5 14. Bc3 Bb4
15. Bxb4 axb4 16. Bd3 O-O 17. O-O c5 18. Nc4 Be6 19. Rfc1 Rad8 20. Be2 Bxc4 21.
Bxc4 b6 22. a5 bxa5 23. Rxa5 Nd6 24. Nd2 Ne5 25. Bf1 Nb7 26. Ra7 Rxd2 27. Rxb7
b3 28. Rc7 b2 29. Rb1 Nd7 30. Rxd7 Rxd7 31. Rxb2 Rb8 32. g3 Rb6 33. Rc2 Rc7 34.
Bc4 Kf8 35. f4 Ke7 36. Kf2 f5 37. Kf3 Rd6 38. g4 g6 39. Rg2 fxg4+ 40. Kxg4 Rd1
41. Rc2 Kd6 42. e4 Rd4 43. e5+ Ke7 44. Kg5 Rc8 45. Be2 Rb4 46. Bc4 Rf8 47. h4
Rf5+ 48. Kg4 Rb1 49. Ra2 h5+ 50. Kf3 Rb4 51. Rc2 Rf8 52. Ke3 Rc8 53. Bd3 Kf7
54. Ra2 c4 55. Ra6 Ke7 56. Bxg6 c3 57. Rc6 Rxc6 58. bxc6 Rc4 59. Bc2 Ke6 60. c7
Rxc7 61. Kd4 Rd7+ 62. Kxc3 Kd5 63. Kd3 Rb7 64. Ke3 Rb4 65. Bd1 Re4+ 66. Kf3 Kd4
67. Kg3 Ke3 68. Bxh5 Rxf4 69. e6 Rf1 70. Kg4 Ke4 71. Bf7 Rg1+ 72. Kh5 Kf5 73.
e7 Rg7 74. Bg6+ Rxg6 75. e8=Q 1-0

[Event "España tch 1A 2012 Descenso"]
[Site "Don Benito ESP"]
[Date "2012.08.05"]
[Round "7.11"]
[White "Barbero Sendic, Alejandro"]
[Black "Khenkin, Igor"]
[Result "0-1"]
[WhiteElo "2370"]
[BlackElo "2669"]
[PlyCount "86"]
[EventDate "2012.08.04"]
[EventType "team"]
[EventRounds "2"]
[EventCountry "ESP"]
[Source "lmi"]
[SourceDate "2012.08.04"]

1. e4 c6 2. d4 d5 3. f3 g6 4. Nc3 Bg7 5. Be3 Qb6 6. a3 e6 7. Na4 Qa5+ 8. c3 Nd7
9. b4 Qc7 10. Bd3 e5 11. Ne2 Ngf6 12. h3 O-O 13. O-O Re8 14. Qb3 b6 15. Bf2 Bb7
16. exd5 cxd5 17. Bg3 Nh5 18. Bh2 Nf4 19. Nb2 Nxe2+ 20. Bxe2 Qc6 21. dxe5 Nxe5
22. a4 Nc4 23. Bxc4 dxc4 24. Qxc4 Bxc3 25. Qxc6 Bxc6 26. Rac1 Bd4+ 27. Kh1 Rac8
28. Nc4 Bxa4 29. Nd6 Rxc1 30. Rxc1 Bb2 31. Rc8 Rxc8 32. Nxc8 Bd7 33. Nxa7 b5
34. Bg1 f6 35. Bc5 Kf7 36. Kg1 Ke6 37. Kf2 Kd5 38. Ke3 Kc4 39. f4 Bc1+ 40. Kf3
Bd2 41. f5 gxf5 42. Be7 Bc3 43. Bc5 Bxb4 0-1

[Event "España tch 1A 2012 Descenso"]
[Site "Don Benito ESP"]
[Date "2012.08.05"]
[Round "7.12"]
[White "Mirzoev, Azer"]
[Black "Trepat Herranz, Joan"]
[Result "1-0"]
[WhiteElo "2545"]
[BlackElo "2299"]
[PlyCount "98"]
[EventDate "2012.08.04"]
[EventType "team"]
[EventRounds "2"]
[EventCountry "ESP"]
[Source "lmi"]
[SourceDate "2012.08.04"]

1. d4 Nf6 2. Nf3 g6 3. Nbd2 Bg7 4. e4 d6 5. c3 O-O 6. Be2 c5 7. dxc5 dxc5 8.
O-O Nc6 9. Qc2 Qc7 10. h3 b6 11. Re1 Bb7 12. Bf1 Ne5 13. Nh2 Nh5 14. Nc4 Rad8
15. Nxe5 Bxe5 16. Ng4 Bf4 17. e5 Qc6 18. a4 Qe6 19. a5 Bd5 20. axb6 axb6 21.
Bxf4 Nxf4 22. Qc1 Nh5 23. Qg5 Ng7 24. Ne3 h6 25. Qxh6 Qxe5 26. Ra7 Bc6 27. Rea1
Rfe8 28. Ng4 Qe6 29. Qf4 Nf5 30. Ne5 Qd6 31. Bc4 Bd5 32. Bb5 Rf8 33. Re1 Kg7
34. Qg5 Qf6 35. Qxf6+ exf6 36. Nd7 Rfe8 37. Rxe8 Rxe8 38. Nxb6 Re1+ 39. Kh2 Be6
40. Rc7 Rb1 41. Bc4 Kh6 42. Bxe6 fxe6 43. Nc4 Rf1 44. f3 Kg5 45. Nd2 Rd1 46.
Ne4+ Kf4 47. Rf7 Ne3 48. Rxf6+ Ke5 49. h4 Kd5 1-0

[Event "España tch 1A 2012 Descenso"]
[Site "Don Benito ESP"]
[Date "2012.08.05"]
[Round "7.13"]
[White "Martinez Lopez, Ivan"]
[Black "Llanes Hurtado, Miguel"]
[Result "0-1"]
[WhiteElo "2302"]
[BlackElo "2483"]
[PlyCount "110"]
[EventDate "2012.08.04"]
[EventType "team"]
[EventRounds "2"]
[EventCountry "ESP"]
[Source "lmi"]
[SourceDate "2012.08.04"]

1. c4 c5 2. g3 Nc6 3. Bg2 g6 4. Nc3 Bg7 5. Nf3 e5 6. d3 Nge7 7. O-O O-O 8. a3
d6 9. Rb1 a5 10. Ne1 Be6 11. e4 f5 12. Bg5 f4 13. Nd5 h6 14. Nxe7+ Nxe7 15.
Bxe7 Qxe7 16. f3 h5 17. b4 cxb4 18. axb4 a4 19. b5 fxg3 20. hxg3 h4 21. g4 Bh6
22. Bh3 Be3+ 23. Kh1 Qg5 24. Nc2 Bc5 25. Ra1 Qf4 26. Qe2 Rf7 27. Qh2 Qg5 28.
Qe2 a3 29. Ra2 Raf8 30. Ne1 Qf4 31. Qg2 Qe3 32. Qe2 Qxe2 33. Rxe2 Bd4 34. Kg2
Bb2 35. Nc2 a2 36. Ree1 g5 37. Rd1 Ra8 38. Kf2 Bc3 39. Ke2 a1=Q 40. Rxa1 Bxa1
41. Rxa1 Rxa1 42. Nxa1 Rf8 43. Nc2 Kf7 44. Kd2 Ke7 45. Ne1 Kd7 46. Kc3 Kc7 47.
Kb3 Kb6 48. Kb4 Rf4 49. Kb3 Kc5 50. Kc3 Rf7 51. Bg2 Bxg4 52. fxg4 Rf2 53. Bh3
Rh2 54. Bg2 Rxg2 55. Nxg2 h3 0-1

[Event "España tch 1A 2012 Descenso"]
[Site "Don Benito ESP"]
[Date "2012.08.05"]
[Round "7.21"]
[White "Quesada Perez, Yuniesky"]
[Black "Moreno Trujillo, Alejandro"]
[Result "1/2-1/2"]
[WhiteElo "2626"]
[BlackElo "2500"]
[PlyCount "116"]
[EventDate "2012.08.04"]
[EventType "team"]
[EventRounds "2"]
[EventCountry "ESP"]
[Source "lmi"]
[SourceDate "2012.08.04"]

1. e4 e6 2. d4 d5 3. Nc3 Bb4 4. e5 c5 5. a3 Bxc3+ 6. bxc3 Qa5 7. Bd2 Qa4 8. Qb1
c4 9. Ne2 Nc6 10. Ng3 Nge7 11. Nh5 Rg8 12. g3 b6 13. Bh3 Bd7 14. O-O O-O-O 15.
Qb2 Rdf8 16. Rae1 Kb7 17. Kh1 Be8 18. g4 Nd8 19. Qc1 f5 20. exf6 gxf6 21. Bh6
Rf7 22. Ng3 Rg6 23. Bd2 Bd7 24. f4 Rh6 25. Bg2 f5 26. Re5 Ka6 27. Rfe1 Ndc6 28.
gxf5 Nxf5 29. Nxf5 Rxf5 30. Rxf5 exf5 31. Re3 Be6 32. Be1 Nd8 33. Bg3 Qd7 34.
a4 Nf7 35. Qa3 Rg6 36. Qb4 Nd6 37. Re5 Nf7 38. Re1 Nd6 39. a5 b5 40. Re5 Nf7
41. Re1 Nd6 42. Re5 Nf7 43. Re1 Qd6 44. Re3 h5 45. Re1 Qxb4 46. cxb4 Nd6 47.
Bf3 Ne4 48. Bh4 Rg8 49. Rg1 Rxg1+ 50. Kxg1 Bf7 51. Kg2 Kb7 52. Kh3 a6 53. Be1
Kc6 54. Kh4 Kd7 55. Bxh5 Ke6 56. Bf3 Kf6 57. Kh3 Kg6 58. Kh4 Kh6 1/2-1/2

[Event "España tch 1A 2012 Descenso"]
[Site "Don Benito ESP"]
[Date "2012.08.05"]
[Round "7.22"]
[White "Moreno Tejera, Emilio"]
[Black "Narciso Dublan, Marc"]
[Result "0-1"]
[WhiteElo "2350"]
[BlackElo "2539"]
[PlyCount "91"]
[EventDate "2012.08.04"]
[EventType "team"]
[EventRounds "2"]
[EventCountry "ESP"]
[Source "lmi"]
[SourceDate "2012.08.04"]

1. e4 e5 2. Nf3 Nc6 3. Bc4 Bc5 4. c3 Nf6 5. d3 d6 6. Bb3 a6 7. Nbd2 O-O 8. Nf1
d5 9. Ng3 dxe4 10. dxe4 Qxd1+ 11. Bxd1 Be6 12. h3 h6 13. Bb3 Bxb3 14. axb3 a5
15. Ke2 Rfd8 16. Be3 Nd7 17. Rad1 Bxe3 18. Kxe3 Nc5 19. Rd5 Nxb3 20. Rhd1 f6
21. Nf5 Kf8 22. Ke2 Rxd5 23. exd5 Nd8 24. N3h4 Nc5 25. Ra1 Ra6 26. Ng6+ Kf7 27.
Nh8+ Kg8 28. Ng6 a4 29. g4 b5 30. h4 Ndb7 31. f4 e4 32. h5 Na5 33. Nd4 Nc4 34.
b4 axb3 35. Rxa6 Nxa6 36. Nxb3 b4 37. cxb4 Nxb4 38. Nc5 e3 39. Ne7+ Kf7 40. Ne6
Kxe7 41. Nxg7 Nxd5 42. Nf5+ Kf8 43. Nxh6 Nxf4+ 44. Kf3 e2 45. Kf2 Ne5 46. Ke3
0-1

[Event "España tch 1A 2012 Descenso"]
[Site "Don Benito ESP"]
[Date "2012.08.05"]
[Round "7.23"]
[White "Matnadze, Ana"]
[Black "Bolado Saez, Sergio"]
[Result "1-0"]
[WhiteElo "2422"]
[BlackElo "2386"]
[PlyCount "103"]
[EventDate "2012.08.04"]
[EventType "team"]
[EventRounds "2"]
[EventCountry "ESP"]
[Source "lmi"]
[SourceDate "2012.08.04"]

1. d4 d5 2. g3 Bf5 3. Bg2 e6 4. Nf3 Nf6 5. O-O Nbd7 6. c4 c6 7. Nc3 Be7 8. Nh4
Bg4 9. h3 Bh5 10. Qb3 Qb6 11. cxd5 Qxb3 12. axb3 Nxd5 13. e4 Nb4 14. Ra5 c5 15.
d5 O-O 16. g4 Bxg4 17. hxg4 Bxh4 18. Be3 Bd8 19. Ra4 Nc2 20. Bf4 e5 21. Bg3 Nd4
22. Ra3 b5 23. Ra6 b4 24. Nb1 Bg5 25. Rd1 Nxb3 26. Bf1 Nd4 27. Kg2 f6 28. Nd2
Bxd2 29. Rxd2 Nb6 30. f4 exf4 31. Bxf4 Rfe8 32. Bc7 Nd7 33. d6 Ne5 34. Kg3 g5
35. Rd1 Kg7 36. Ra5 Nd7 37. Rxd4 cxd4 38. Bb5 Ne5 39. Bxe8 Rxe8 40. Rxe5 fxe5
41. d7 Rf8 42. d8=Q Rxd8 43. Bxd8 Kg6 44. b3 d3 45. Kf2 h5 46. Bc7 Kf6 47. gxh5
g4 48. Bd8+ Kg7 49. Bh4 Kh6 50. Ke3 Kxh5 51. Bg3 a5 52. Kxd3 1-0

[Event "España tch 1A 2012 Descenso"]
[Site "Don Benito ESP"]
[Date "2012.08.05"]
[Round "7.24"]
[White "Renteria, Jorge"]
[Black "Alonso Moyano, Jonathan"]
[Result "1/2-1/2"]
[WhiteElo "2326"]
[BlackElo "2417"]
[PlyCount "125"]
[EventDate "2012.08.04"]
[EventType "team"]
[EventRounds "2"]
[EventCountry "ESP"]
[Source "lmi"]
[SourceDate "2012.08.04"]

1. e4 c5 2. Nf3 d6 3. d4 cxd4 4. Nxd4 Nf6 5. Nc3 a6 6. Bg5 Nbd7 7. Qe2 e6 8. f4
Qc7 9. O-O-O Be7 10. g4 Rb8 11. Bh4 h6 12. Bg3 Nb6 13. e5 Nfd5 14. Nxd5 Nxd5
15. Bg2 O-O 16. Bxd5 exd5 17. f5 dxe5 18. Qxe5 Qxe5 19. Bxe5 Ra8 20. Rhe1 Bd7
21. Nf3 Rfe8 22. Rxd5 Bc6 23. Rd3 Bxf3 24. Rxf3 Bh4 25. Ree3 Bg5 26. Bd4 Re4
27. h4 Bxe3+ 28. Bxe3 Rxg4 29. Bf2 Rd8 30. b3 b5 31. a3 Rd6 32. Bg3 Rd5 33. Bf2
Kf8 34. Kb2 Ke7 35. Be1 Re4 36. Bb4+ Kd7 37. f6 g6 38. Rh3 Ke6 39. Be7 Kf5 40.
Rc3 g5 41. hxg5 hxg5 42. Rc8 Re6 43. Rg8 Rd2 44. Kc3 Rde2 45. Rg7 Rxe7 46. fxe7
Rxe7 47. Kb4 Rc7 48. c4 bxc4 49. bxc4 Kf4 50. c5 g4 51. Kc4 g3 52. Kd5 Kf3 53.
Kd6 Ra7 54. c6 g2 55. c7 Rxc7 56. Kxc7 f5 57. Kd6 Kf2 58. Ke5 g1=Q 59. Rxg1
Kxg1 60. Kxf5 Kf2 61. Ke4 Kg3 62. a4 a5 63. Ke5 1/2-1/2

[Event "España tch 1A 2012 Descenso"]
[Site "Don Benito ESP"]
[Date "2012.08.05"]
[Round "7.31"]
[White "Espinosa Aranda, Angel"]
[Black "Recuero Guerra, David"]
[Result "1/2-1/2"]
[WhiteElo "2402"]
[BlackElo "2467"]
[PlyCount "63"]
[EventDate "2012.08.04"]
[EventType "team"]
[EventRounds "2"]
[EventCountry "ESP"]
[Source "lmi"]
[SourceDate "2012.08.04"]

1. e4 e6 2. d4 d5 3. Nc3 Bb4 4. Nge2 dxe4 5. a3 Be7 6. Nxe4 Nf6 7. Nxf6+ Bxf6
8. Be3 O-O 9. Qd2 Nd7 10. O-O-O Be7 11. Nc3 Nf6 12. d5 exd5 13. Nxd5 Nxd5 14.
Qxd5 Qxd5 15. Rxd5 Be6 16. Rd1 Rfd8 17. Be2 Bd5 18. Rhg1 c5 19. g3 Bc6 20.
Rxd8+ Rxd8 21. Rd1 Rxd1+ 22. Kxd1 Bd6 23. Kd2 Kf8 24. b4 cxb4 25. axb4 Bxb4+
26. c3 Bd6 27. Bxa7 g6 28. Ke3 Be5 29. Bd4 Bd6 30. Ba7 Be5 31. Bd4 Be4 32. Kxe4
1/2-1/2

[Event "España tch 1A 2012 Descenso"]
[Site "Don Benito ESP"]
[Date "2012.08.05"]
[Round "7.33"]
[White "Ramirez Diaz, Jose Ramon"]
[Black "Gonzalez Menendez, Ivan"]
[Result "1-0"]
[WhiteElo "2151"]
[BlackElo "2411"]
[PlyCount "97"]
[EventDate "2012.08.04"]
[EventType "team"]
[EventRounds "2"]
[EventCountry "ESP"]
[Source "lmi"]
[SourceDate "2012.08.04"]

1. e4 c5 2. Nc3 e6 3. g3 Nc6 4. Bg2 g6 5. d3 Bg7 6. Be3 Nd4 7. Qd2 Ne7 8. Nce2
d6 9. c3 Ndc6 10. Bh6 Bxh6 11. Qxh6 Qb6 12. Qd2 e5 13. f4 Be6 14. Nf3 f6 15. d4
cxd4 16. cxd4 Bc4 17. fxe5 fxe5 18. d5 Nb4 19. Nc1 Qa5 20. Kd1 Rc8 21. b3 Ba6
22. a3 Rc2 23. Qxb4 Qxb4 24. axb4 Rxg2 25. Ra5 Rf8 26. Nh4 Bf1 27. Nxg2 Bxg2
28. Re1 Nc8 29. Nd3 Kd7 30. Ra2 Bf3+ 31. Kd2 Bg4 32. Kc3 a6 33. Rf2 Ke7 34.
Rxf8 Kxf8 35. Kd2 Na7 36. Nb2 Nb5 37. Nc4 Ke7 38. Na5 Bc8 39. Rc1 Kd7 40. g4
Nd4 41. Rf1 Ke7 42. g5 Bg4 43. h4 Bf3 44. Ke3 Bg4 45. Nxb7 Nxb3 46. Rf6 Nd4 47.
Nxd6 Nc2+ 48. Kd2 Nxb4 49. Nc4 1-0

[Event "España tch 1A 2012 Descenso"]
[Site "Don Benito ESP"]
[Date "2012.08.05"]
[Round "7.34"]
[White "Suarez Real, Alberto"]
[Black "Garcia Del Moral Lopez, Joaquin"]
[Result "1-0"]
[WhiteElo "2400"]
[BlackElo "1887"]
[PlyCount "53"]
[EventDate "2012.08.04"]
[EventType "team"]
[EventRounds "2"]
[EventCountry "ESP"]
[Source "lmi"]
[SourceDate "2012.08.04"]

1. e4 e5 2. Nf3 Nf6 3. Nxe5 d6 4. Nf3 Nxe4 5. Nc3 Nf6 6. d4 Be7 7. Bg5 h6 8.
Bf4 Bf5 9. Bd3 Qd7 10. Qe2 Bxd3 11. Qxd3 Qe6+ 12. Kd2 O-O 13. Rae1 Qd7 14. h3
Na6 15. g4 Rfe8 16. a3 c6 17. Reg1 Kh8 18. g5 Nh5 19. Be3 Qe6 20. gxh6 gxh6 21.
d5 cxd5 22. Nxd5 Bf8 23. Bd4+ f6 24. Nxf6 Nxf6 25. Qg6 Qe2+ 26. Kc1 Qxf3 27.
Qg8# 1-0